000 00893nam a22002657a 4500
003 CHAP
005 20220329133920.0
008 971013s r 00010 d
010 _a12649
011 _a13621
035 _a17693
040 _cCHAP
090 _aR-2407
100 0 0 _aGliessman, Stephen R.
_948282
245 _aAncient raised-field agriculture in the maya lowlands of southeastern Mexico
500 _aSobretiro de : Conference prehistoric intensive agriculture in he tropics (1981: Canberra, Australia) 24 h.
590 _aBATCH-UPD
_b10
_c20130110
_lUCH01
_h0057
590 _aBATCH-UPD
_b10
_c20130110
_lUCH01
_h2115
590 _aCONVERSION
_b10
_c20130109
_lUCH01
_h1308
650 1 4 _aAgricultura
_xHistoria
_xQuintana Roo.
_91528
650 1 4 _aMayas
_xAgricultura.
_973210
901 _aBK
942 _cFOLL
949 _aFolleto 2407
_bBC
_cFOLL
_d-41557
_eTS1
_i17693
_mD
_si
999 _c12649
_d12649